000 00539nam a2200169Ia 4500
999 _c19820
_d19820
003 OSt
005 20200605150545.0
008 190216s9999||||xx |||||||||||||| ||und||
020 _a9780416335408
040 _coclc
082 _a325.3410954
_bSCH/R
100 _aSchweinitz, Karl De
_92557
245 4 _aThe Rise And Fall Of British India Imperialism As Inequality /
_cKarl De Schweinitz
260 _bMethuen & Co,
_c1983.
_aLondon:
300 _a275p
942 _cBK
_2ddc
_h325.3410954
_iSCH/R
_k325.3410954
_mSCH/R